000
00325nam a22001337a 4500
008
190222b xxu||||| |||| 00| 0 eng d
020
_a
9780873225250
041
_a
eng
080
_2
3rd
_a
615.83
100
_a
8
101
_a
EGZF
245
_a
Designing the Physical Education Curriculum
_c
Melograno, V.J
942
_2
udc
_c
BK
999
_c
54114
_d
54114